Strategic thinking : (Record no. 61132)

MARC details
000 -LEADER
fixed length control field 01453nam a22003257a 4500
005 - DATE AND TIME OF LATEST TRANSACTION
control field 20120118160210.0
008 - FIXED-LENGTH DATA ELEMENTS--GENERAL INFORMATION
fixed length control field 120118t xxu||||| |||| 00| 0 eng d
010 ## - LCCN (DPL NO)
LC control number ENG-104772
020 ## - INTERNATIONAL STANDARD BOOK NUMBER
International Standard Book Number 9788132106906
Terms of availability 450.00
035 ## - SYSTEM CONTROL NUMBER
System control number EN-88305
037 ## - SOURCE OF ACQUISITION
Source of stock number/acquisition DBAD/PUB
040 ## - CATALOGING SOURCE
Original cataloging agency DPL
Language of cataloging Eng
082 ## - DEWEY DECIMAL CLASSIFICATION NUMBER
Classification number 658.4012
100 ## - MAIN ENTRY--PERSONAL NAME
Personal name Saha, Biswatosh
9 (RLIN) 39518
245 ## - TITLE STATEMENT
Title Strategic thinking :
Remainder of title explorations around conflict and cooperation /
Statement of responsibility, etc by Biswatosh Saha, Parthasarathi Banerjee [and] Ram Kumar Kakani.
260 ## - PUBLICATION, DISTRIBUTION, ETC. (IMPRINT)
Place of publication, distribution, etc New Delhi
Name of publisher, distributor, etc Sage Publications
Date of publication, distribution, etc 2011
270 ## - ADDRESS
Address B1/I-1 Mohan Cooperative Industrial Area, Mathura Road
City New Delhi
Postal code 110044
300 ## - PHYSICAL DESCRIPTION
Extent x, 348 p. :
Other physical details ill.
Dimensions 22cm(pbk)
500 ## - GENERAL NOTE
General note Includes bibliographical references (p. 337-341) and index.
505 ## - FORMATTED CONTENTS NOTE
Formatted contents note Appreciating strategy and the strategist -- Strategy and assets -- Strategy and organization -- Markets and regulation -- Institutions of finance.
650 ## - SUBJECT ADDED ENTRY--TOPICAL TERM
Topical term or geographic name as entry element Strategic planning.
9 (RLIN) 39519
650 ## - SUBJECT ADDED ENTRY--TOPICAL TERM
Topical term or geographic name as entry element Strategic planning
Form subdivision Case studies.
9 (RLIN) 39520
650 ## - SUBJECT ADDED ENTRY--TOPICAL TERM
Topical term or geographic name as entry element Critical thinking.
9 (RLIN) 39521
650 ## - SUBJECT ADDED ENTRY--TOPICAL TERM
Topical term or geographic name as entry element Creative thinking.
9 (RLIN) 39522
650 ## - SUBJECT ADDED ENTRY--TOPICAL TERM
Topical term or geographic name as entry element Industrial management.
9 (RLIN) 39523
700 ## - ADDED ENTRY--PERSONAL NAME
Personal name Banerjee, Parthasarathi.
9 (RLIN) 39524
700 ## - ADDED ENTRY--PERSONAL NAME
Personal name Kakani, Ram Kumar
9 (RLIN) 39525
942 ## - ADDED ENTRY ELEMENTS (KOHA)
Source of classification or shelving scheme Dewey Decimal Classification
Item type English Books
Classification part 658.4012
Call number suffix SAH
Holdings
Withdrawn status Lost status Source of classification or shelving scheme Damaged status Not for loan Collection code Home library Current library Date acquired Source of acquisition Cost, normal purchase price Total Checkouts Full call number Barcode Date last seen Copy number Cost, replacement price Koha item type
    Dewey Decimal Classification   Not For Loan Non-fiction D.B.Act.Division D.B.Act.Division 18/01/2012 DBAD/PUB 450.00   658.4012 SAH EN-88305 18/01/2012 1 450.00 English Books

© Delhi Public Library
Hit Counter
free hit counter